000 00268nam a2200097Ia 4500
008 200302s9999 xx 000 0 und d
100 _aFrrabcusco Asensio Cerver
245 _aArco Colour Architecture New European Architecture
260 _bPaco Asensio
300 _a159 P.,
999 _c2427
_d2427